1257 1610 1459 1239 1965 1488 1743 1259 1757 1164 1933 1748 1152 1658 1194 1516 1496 1531 1736 1637 1534 1841 1370 1807 1426 1144 1757 1050 1530 1409 1710 1177 1051 1160 1478 1487 1923 1289 1427 1419 1067 1212 1455 1734 1971 1710 1068 1887 1595 1906 1844 1085 1720 1058 1471 1000 1041 1362 1475 1482 1238 1125 1078 1426 1058 1746 1725 1669 1206 1592 1204 1214 1805 1742 1673 1724 1415 1217 1862 1166 1976 1822 1743 1144 1217 1626 1328 1668 1417 1412 1633 1000 1987 1541 1862 1767 1619 1537 1079 BCNSPRNW ULIB Ver.6.0+V

เปลี่ยนเป็นภาษาไทย

Change to English
 แสดงรายละเอียดบรรณานุกรม
  กลับหน้าหลัก

Brief Record : Get Marc (ISO 2709) : E-mail record : QR code < ปิดหน้าต่าง
LEADER : 00000nam 2200000uu 4500
001    13399114355
003     ULIB
008    110627s||||||||th 000 0 tha d
020    9789748327747
090    นว.^bค949ส ล.5
100 0  หวัง ซุก หยัง
245 00 สามก๊ก 5 ตอน ผู้ยิ่งใหญ่แห่งกังตั๋ง/^cหวัง ซุก หยัง
250    พิมพ์ครั้งที่ 1
260    กรุงเทพฯ :^bนานมีบุ๊คส์,^c2551
300    176 หน้า
710 1  นานมีบุ๊คส์
945    ^p158^l0^i024705
995    ทศพร
999 ^a ใช้งานได้ทุกระบบ
รายการนี้ยังไม่มีแท็ก
คุณยังไม่ได้ล็อกอิน คุณสามารถมีกิจกรรมร่วมกับเว็บไซต์ได้ แต่ต้องล็อกอินก่อน ::
  ล็อกอิน

รายการสื่อสารสนเทศ

ลำดับที่ ประเภท เลขเรียก/บาร์โค้ด สถานที่ สถานะ
1. นวนิยาย
นวนิยาย
นว. ค949ส ล.5 ฉ.1 
  Barcode: 024705
ห้องสมุดวิทยาเขตสวรรค์ประชารักษ์
►นวนิยาย
บนชั้น
  ขอยืม

รายการใกล้เคียง
    ผู้แต่ง [หวัง ซุก หยัง]

BibComment


ยังไม่เคยถูกคอมเมนท์

คอมเมนท์ทรัพยากรรายการนี้
  คอมเมนท์: สามก๊ก 5 ตอน ผู้ย..


 Copyright 2026. Bcnsprnw @Library